000 00445nam a2200157 4500
001 138625
003 ES-MaACL
005 20230906195612.0
007 t|
008 070214s1970 sp r ||||1| spa d
100 1 _aSantana, Juan.
_9103323
245 1 0 _aDe gastronomía asturiana /
_cJuan Santana.
260 _aOviedo :
_b[s. n.],
_c1970 (
_fGráf. Luz)
300 _a85 p., 24 h., 18 lám. ;
_c17 cm.
852 _aES-MaACL
_jC-53558
_bR.72500
999 _c138625
_d138625